Beste Champions League Torschützen Inter Mailand - Statistiken

Allgemein
  • Dieses Quiz wurde 263 mal gespielt
    17 seit der letzten Aktualisierung
  • Das Durchschnittsergebnis liegt bei 16 aus 23
Antwortstatistiken
Saison Nationalität Tore Spieler % Korrekt
2022/23 Bosnien und Herzegowina 4 Edin Džeko
100%
2021/22 Bosnien und Herzegowina 3 Edin Džeko
100%
2010/11 Kamerun 8 Samuel Eto'o
100%
2007/08 Schweden 5 Zlatan Ibrahimović
100%
2025/26 Argentinien 4 Lautaro Martínez
93%
2024/25 Argentinien 9 Lautaro Martínez
93%
2023/24 Argentinien 2 Lautaro Martínez
93%
2019/20 Argentinien 5 Lautaro Martínez
93%
2023/24 Österreich 2 Marko Arnautović
93%
2020/21 Belgien 4 Romelu Lukaku
93%
2009/10 Argentinien 6 Diego Milito
86%
2023/24 Chile 2 Alexis Sánchez
71%
2008/09 Brasilien 2 Adriano
57%
2005/06 Brasilien 5 Adriano
57%
2004/05 Brasilien 7 Adriano
57%
2002/03 Argentinien 9 Hernán Crespo
57%
2019/20 Argentinien 5 Mauro Icardi
57%
2018/19 Argentinien 4 Mauro Icardi
57%
2003/04 Italien 2 Christian Vieri
43%
1998/99 Italien 3 Roberto Baggio
43%
2011/12 Italien 3 Giampaolo Pazzini
7%
2003/04 Italien 2 Daniele Adani
0%
2006/07 Argentinien 3 Julio Cruz
0%
Keine übereinstimmenden Quizze gefunden
Verteilung der Resultate
Anzahl Personen mit jedem Resultat
Perzentil nach korrekt beantworteten Fragen
Ihre Resultats-Entwicklung
Sie haben dieses Quiz seit der letzten Aktualisierung nicht gespielt